| 000 | 00493nam a2200145Ia 4500 | ||
|---|---|---|---|
| 008 | 230917s9999||||xx |||||||||||||| ||und|| | ||
| 040 |
_e166971 _aMAIN |
||
| 041 | _aEnglish | ||
| 082 | _a891.43371109 RF298:TS | ||
| 100 | _aतिवारी, सुरेन्द्र नाथ | ||
| 245 | 0 | _aरेणु के आंचलिक उपन्यासः ऐन्द्रिय तत्व | |
| 260 |
_aपटना _bअनुपम _c1961 |
||
| 300 | _a267 पृ. p. | ||
| 942 | _cHN | ||
| 999 |
_c78461 _d78461 |
||